00710nam a22001937a 450000500170000001000150001702000300003203500140006203700130007608200120008910000150010124501100011626000440022627001110027030000700038170000200045170000170047170000280048820210409170102.0 aENG-129425 c250.00a978-93-88016-58-2 aEN-112957 bDBAD/PUB a370.954 aVanaja, M. aContemporary India and Education/bM. Vanaja, G. Padma Tulasi and N. Sridevi; Edited by V. Dayakara Reddy aNew DelhibNeelkamal Publicationsc2019 a4764/1, 23, Ansari Road, DaryaganjbNew Delhie110002k011-23244237, 98118-28953mneelkamalbooks@gmail.com axi+268p.c24cm(pbk)bincluding bibliographical references, index. aG. Padma Tulasi aN. Srinivas  aReddy, V. Dayakara, Ed.